Nové nesteroidné antiflogistiká a ich biologické účinky = New Non-steroidal Antiflogistics and their Biological Effects
Salvato in:
| Autore principale: | |
|---|---|
| Natura: | Software Libro |
| Lingua: | slovacco |
| Pubblicazione: |
Bratislava
STU FCHPT
2007
|
| Accesso online: | Visualizza in OPAC |
| Tags: |
Nessun Tag, puoi essere il primo ad aggiungerne!!
|
MARC
| LEADER | 00000nam a2200000 a 4500 | ||
|---|---|---|---|
| 005 | 20260127134405.0 | ||
| 007 | co ugu | ||
| 008 | 060607 2006 xo 000 0 slo d | ||
| 035 | |a vtls009084659 | ||
| 039 | 9 | |a 201311130935 |b csnk10 |y 200708021113 |z mschk03 | |
| 040 | |a STUSCHK1 |b slo |c STUSCHK1 |e AACR2 | ||
| 100 | 1 | |a Hlaváčová, Edita, |d 1981- |9 1223 | |
| 245 | 1 | |a Nové nesteroidné antiflogistiká a ich biologické účinky = New Non-steroidal Antiflogistics and their Biological Effects |c Edita Hlaváčová | |
| 260 | |a Bratislava |b STU FCHPT |c 2007 | ||
| 500 | |a Obháj.: 7.6. 2007 | ||
| 500 | |a Špec.: Biomedicínske inžinierstvo, biochémia a mikrobiológia | ||
| 500 | |a Ústav biochémie, výživy a ochrany zdravia | ||
| 500 | |a Diplomová práca na CD-ROMe | ||
| 910 | |a SCHK95 | ||
| 999 | |c 11581 |d 11581 | ||